Datum a čas kvízu
25.5
Celkem bodů
Celkový počet nahraných bodů na tomto kvízu bez doplňovacích otázek.
5.
Pořadí na kvízu
Konečné umístění týmu na tomto kvízu.
Zaznamenané odpovědi
| # | Otázka | Odpověď | Body | Výsledky |
|---|---|---|---|---|
| 1. | Která politická strana v kampa... | SOCDEM (uznáváme i starší název ČSSD) | 0 | |
| 2. | V okolí londýnské stanice metr... | Burberry | 0 | |
| 3. | Českých sci-fi filmů nebývá ka... | Bod obnovy | 0 | |
| 4. | V pondělí byla slavnostně zahá... | v Brně | 1 | |
| 5. | V neděli v Berlíně překonala 2... | Etiopii | 0 | |
| 6. | O jednom z šílenců na trůně ří... | Caligula | 1 | |
| 7. | Salvador Dalí coby extravagant... | o mravenečníka | 1 | |
| 8. | Dokážete přiřadit následující... | 1C 2A 3B 4D | 1 | |
| 9. | Jak se jmenuje kočka na obrázk... | Micka | 0 | |
| 10. | Sedmý prezident Spojených stát... | A | 1 |